Statistiques concernant Les films avec Bruce Willis

Cliquez ici pour prendre le quiz!

Statistiques générales

  • Ce quiz a été pris 109 fois
  • Le résultat moyen est 8 sur 23

Statistiques - réponses

RôleFilms% Correct
Un chauffeur de taxi du futur qui se retrouve à sauver le mondeLe Cinquième Élément
80%
Un psychiatre pour enfants qui aide un petit garçon qui voit des mortsSixième sens
73%
Un spécialiste du forage parti dans l'espace et qui sauve la vie de son gendreArmageddon
72%
Un boxeur à la veille de la retraitePulp Fiction
62%
Gardien de sécurité, seul survivant d'une catastrophe ferroviaireIncassable
58%
Un prisonnier envoyé dans le passé qui rencontre un fou dans un hôpital psychiatriqueL'Armée des 12 Singes
57%
Un lieutenant qui court après un terroriste sur le jeu du " Jacques a dit "Une journée en Enfer
53%
Jimmy la tulipe, ancien exécteur d'un gangMon voisin le tueur
41%
Un ancien de la CIA en proie à des tueurs et qui va reunir son ancienne équipe pour s'en sortirRed
38%
Un tueur à gage attaquant des cibles dans le futurLooper
35%
Un flic intègre dans la ville du péché et du viceSin City
35%
Un agent du FBI en charge de la protection d'un enfant surdouéCode Mercury
30%
Un tueur à gage au nom d'animalLe Chacal
29%
Un commandant de marine chargé d'exfiltrer une médecin au NigériaLes Larmes du Soleil
29%
Un détective privé alcoolique qui enquête dans le milieu des paris sportifsLe Dernier Samaritain
23%
Un chirurgien esthétique devenu croque-mort en proie à deux femmes hystériques mortes vivantesLa mort vous va si bien
20%
Un ancien négociateur conduit les opérations d'une prise d'otage de la fille d'un criminelOtage
19%
Dans un monde futuriste un agent qui va découvrir une conspiration qui vise à détruire les humainsClones
12%
Un chirurgien urgentiste qui se fait justicier pour venger le meurtre de sa femme et le coma de sa filleDeath Wish
9%
Un général qui a donné son nom à une unitéG.I Joe
9%
Un homme qui se retrouve à vivre avec l'enfant qu'il était à 8 ansSale Môme
9%
Un capitaine qui aide des enfants et finira même par adopter l'un d'euxMoonrise Kingdom
3%
Un banquier qui cherche un femme pour l'accompagner à un dîner d'affairesBoire et déboires
1%

Distribution des résultats

Percentile par nombre de réponses

% des personnes avec chaque résultat

Votre développement - résultats

Vous n’avez pas pris ce quiz